| 000 | 00506 a2200181 4500 | ||
|---|---|---|---|
| 001 | 139219 | ||
| 040 | _cLeonardo Da Vinci | ||
| 041 | _aEspanhol | ||
| 082 |
_a658.8 K88me _bK88me |
||
| 100 | _aKOTLER, Philip | ||
| 245 | _aMercadotecnia aplicada | ||
| 260 |
_bInteramericana _c1973 _aMéxico |
||
| 300 | _a739 | ||
| 362 | _a19730000 | ||
| 500 | _aVicente Agut Armer (Tradução) | ||
| 697 |
_aAdministração _aMarketing _aTomada de decisão _aMercadotecnia _aMercado _aPlanejamento _aFIPEN |
||
| 942 | _cBK | ||
| 999 |
_c139219 _d139219 |
||